Encapsulados : revista de cátedra /
Guardado en:
| Otros Autores: | |
|---|---|
| Formato: | Libro |
| Idioma: | Spanish |
| Publicado: |
La Plata :
Universidad Nacional de La Plata : Facultad de Artes,
2020.
|
| Materias: | |
| Acceso en línea: | Acceso a texto completo |
| Etiquetas: |
Agregar Etiqueta
Sin Etiquetas, Sea el primero en etiquetar este registro!
|
| LEADER | 02295nam a22002655a 4500 | ||
|---|---|---|---|
| 001 | EHU.bham050349 | ||
| 008 | 210919s2020####ag######s#####000#0#spa#d | ||
| 005 | 20210919141207.0 | ||
| 245 | 1 | 4 | |a Encapsulados : |b revista de cátedra / |c Rosana Barragán [et al.] |h [recurso electrónico]. |
| 260 | |a La Plata : |b Universidad Nacional de La Plata : |b Facultad de Artes, |c 2020. | ||
| 300 | |a 1 recurso en línea (121 p.) | ||
| 500 | |a "En nuestra práctica docente buscamos indagar, crear, accionar en lo emergente, explorar la multiescalaridad de lo posible, involucrándonos en territorios así como en infraestructuras, materialidades y operatividades diversas. Buscamos producir nuevos imaginarios, nuevos paradigmas y nuevos paisajes en el entorno propicio que nos determinen las estrategias de actuación en cada posibilidad que se habilita. En este marco de trabajo, nos sorprendió la pandemia, y como habituamos complementar las prácticas áulicas pensando un arte en contexto, con todo lo que implican las tecnologías actuales y sus posibles derivaciones artísticas, sumamos acciones específicas que propiciaron el abordaje de espacios sociales en relación con el público contemporáneo: propusimos un estar distinto frente a la experiencia de construir comunidad, una reflexión situada en relación con el problema mundial, y compartir estas reflexiones con pares de otras latitudes. En este ejemplar recopilamos el accionar docente durante la pandemia, nuestras estrategias abordadas para potenciar el alcance de nuestras palabras y también el resultado de las reflexiones gráficas que impulsamos acerca de nuestro estar en el mundo actual". | ||
| 500 | |a SE IMPRIME edita (publicación del taller complementario de grabado y arte impreso). | ||
| 538 | |a Modo de acceso: internet | ||
| 500 | |a Descripción basada en el recurso en línea. Título tomado de la portada PDF (visto el 19 de septiembre de 2021). | ||
| 020 | |a 9789878673318 | ||
| 700 | 1 | |a Barragán, Rosana. | |
| 082 | 0 | 4 | |a 700 |
| 653 | |a Bellas artes | ||
| 653 | |a Pandemia | ||
| 653 | |a Arte y pandemia | ||
| 653 | |a Educación y pandemia | ||
| 655 | 7 | |a Libros electrónicos | |
| 856 | 4 | 0 | |u http://sedici.unlp.edu.ar/handle/10915/109777 |y Acceso a texto completo |
| 859 | |a AR-BHAM |b BIB. HUMANIDADES - General |h 700 |p nuevo-0 | ||
